Finančné plánovanie podniku

Gespeichert in:
Bibliographische Detailangaben
1. Verfasser: Kráľovič, Jozef
Körperschaft: Ekonomická univerzita v Bratislave. Fakulta podnikového manažmentu
Format: Buch
Sprache:Slowakisch
Veröffentlicht: Bratislava Vydavateľstvo Ekonóm 1998
Schlagworte:
Tags: Tag hinzufügen
Keine Tags, Fügen Sie das erste Tag hinzu!

MARC

LEADER 00000nam a2200000 4500
001 c100735
005 20221123132814.8
020 |a 80-225-0867-5 
041 0 |a slo 
044 |a SK 
245 1 0 |a Finančné plánovanie podniku  |c Jozef Kráľovič 
264 1 |a Bratislava  |b Vydavateľstvo Ekonóm  |c 1998 
300 |a 118 s. 
610 2 0 |a plánovanie finančné 
610 2 0 |a podnik 
610 2 0 |a plánovanie podnikové 
610 2 0 |a plán finančný 
610 2 0 |a metódy plánovania 
610 2 0 |a modely plánovania 
610 2 0 |a plán 
610 2 0 |a plánovanie 
610 2 0 |a efektívnosť ekonomická 
610 2 0 |a projekty 
610 2 0 |a rozvoj podniku 
100 1 |a Kráľovič, Jozef 
710 2 |a Ekonomická univerzita v Bratislave. Fakulta podnikového manažmentu